| 000 | 00957nam a2200373Ia 4500 | ||
|---|---|---|---|
| 001 | 2046 | ||
| 008 | 191123s9999 xx 000 0 und d | ||
| 020 | _a9509837059 | ||
| 041 | _aeng | ||
| 041 | _aspa | ||
| 044 | _aag | ||
| 100 | _aPriamo, Luis | ||
| 245 | 0 |
_aLos años del daguerrotipo : _bprimeras fotografías argentinas, 1843-1870. |
|
| 260 |
_aBuenos Aires : _bFundación Antorchas, _c1995. |
||
| 300 | _a107 p. | ||
| 500 | _aTrae notas biográficas de los principales daguerrotipistas. Ejemplar numerado 1219/2000 | ||
| 650 | _aARGENTINA | ||
| 650 | _aDAGUERROTIPOS | ||
| 650 | _aFOTOGRAFIAS | ||
| 650 | _aRETRATOS | ||
| 648 | _a1843-1870 | ||
| 700 | _aAdelman, Jeremy | ||
| 700 | _aCuarterolo, Miguel Angel, | ||
| 902 | _aM | ||
| 903 | _am | ||
| 904 | _am | ||
| 907 | _aImpreso | ||
| 908 | _a1843 | ||
| 909 | _a1870 | ||
| 911 | _ailus. color y b/n; 24 X 26 cm | ||
| 912 | _a1995 | ||
| 942 | _cLIBRO | ||
| 999 |
_c1744 _d1744 |
||